| 000 | 00541nam a22001937a 4500 | ||
|---|---|---|---|
| 003 | OSt | ||
| 005 | 20211109190211.0 | ||
| 008 | 211109b ||||| |||| 00| 0 eng d | ||
| 022 |
_22321-6353 _a2321-6353 |
||
| 040 | _cManagement education | ||
| 110 |
_aManagement Education _910124 |
||
| 222 | _aManagement Education | ||
| 245 | _aManagement Education | ||
| 260 |
_aBhopal _bMaharashi |
||
| 310 | _aBiannually | ||
| 650 |
_2Plan your carrer manage your future _vPeriodical _910125 |
||
| 655 |
_aPeriodical _910126 |
||
| 942 |
_2ddc _cPR _s1 |
||
| 999 |
_c220482 _d220482 |
||